Catalog

Record Details

Catalog Search



První pomoc  Cover Image Book Book

První pomoc / Ivan Dvořáček ; Jaromír Hrabovský

Dvořáček, Ivan (Author). Hrabovský, Jaromír (Added Author).

Record details

  • Physical Description: 221 s.
  • Edition: Vydání 4.
  • Publisher: Praha Avicenum/zdravotnické nakladatelství 1986

Available copies

  • 1 of 1 copy available at Common Catalog SPOK.

Holds

  • 0 current holds with 1 total copy.
Show Only Available Copies
Location Call Number / Copy Notes Barcode Shelving Location Status Due Date
ETS Library 610 424470013095 Volný výběr Available -

LDR 00677nam a2 00253
00137542
003CZ-PrJAB
00520140214000000.0
008140214s1986 xr e |||| |cze
009cz
035 . ‡a(CONS)7486
035 . ‡aKPS14094
040 . ‡aABG450
041 . ‡acze
08214. ‡a610
100 . ‡77673 ‡aDvořáček, Ivan
245 . ‡aPrvní pomoc / ‡cIvan Dvořáček ; Jaromír Hrabovský
250 . ‡aVydání 4.
260 . ‡aPraha ‡bAvicenum/zdravotnické nakladatelství ‡c1986
300 . ‡a221 s.
653 . ‡aPrvní pomoc
700 . ‡77674 ‡aHrabovský, Jaromír
8524 . ‡bETS ‡bETS ‡cVolný výběr ‡j610 ‡gA ‡p424470013095
910 . ‡aABG450
999 . ‡a7486 ‡bAUTOGEN ‡c7486 ‡tbiblio
905 . ‡uadmin
901 . ‡a37542 ‡b ‡c37542 ‡tbiblio ‡sets

Additional Resources